banner-ar

مقدمة فى الكيمياء الحياتية الرياضية / (Record no. 34956)

MARC details
000 -الفاتح
حقل البيانات ثابتة الطول 00683nam a2200205Ia 4500
008 - عناصر البيانات ثابتة الطول - معلومات عامة
حقل البيانات ثابتة الطول 140319s9999 xx 000 0 ara d
040 ## - مصدر الفهرسة
وكالة الفهرسة الأصلية GCL /
وكالة النسخ GCL
082 04 - رقم تصنيف ديوى العشرى
رقم التصنيف 545
رقم المادة و م
100 1# - المدخل الرئيسى - إسم شخصى
الإسم الشخصى وزارة التعليم العالى والبحث ال
245 10 - بيان العنوان
العنوان مقدمة فى الكيمياء الحياتية الرياضية /
بيان المسئوليه,etc وزارة التعليم العالى والبحث ال
700 1# - المدخل الاضافى - اسم شخصى
الإسم الشخصى صفاء المرعب
300 ## - الوصف المادى
التعداد 192 ص
490 ## - بيان السلسلة
عنوان السلسلة
650 04 - المدخل الاضافى بالموضوع-مصطلح موضوعى
مصطلح موضوعي الكيمياء
650 04 - المدخل الاضافى بالموضوع-مصطلح موضوعى
مصطلح موضوعي الرياضيات
650 04 - المدخل الاضافى بالموضوع-مصطلح موضوعى
مصطلح موضوعي الرياضة التطبيقية
942 ## - عناصر المدخل الإضافي( كوها)
مصدر التصنيف او مخطط الترفيف Dewey Decimal Classification
Koha [default] item type كتاب
260 ## - PUBLICATION, DISTRIBUTION, ETC. (IMPRINT)
-- [S.N] :
-- كلية التربية الرياضية
Holdings
حالة التراجع حالة الفقد حالة تلف ليس للاعارة المكان المؤقت الموقع الحالى تاريخ الاكتساب اجمالي اﻻعارات رقم الطلب الباركود تاريخ اخر مشاهدة تاريخ تفعيل السعر نوع وعاء كوها
        مكتبة القاهرة الكبرى مكتبة القاهرة الكبرى 03/26/2014   545\و م 84793 03/26/2014 03/26/2014 كتاب

Powered By

EGPV